| 000 | 01600cam a22002295a 4500 | ||
|---|---|---|---|
| 001 | L138026 | ||
| 008 | 070511s2006 xxu f 000 0 eng d | ||
| 020 |
_a0874209722 _a9780874209723 |
||
| 035 | _a(Sirsi) u138026 | ||
| 041 | 0 | _aeng | |
| 050 | 0 | 4 |
_a333.3322 $2 22 _a332.6324 $2 18 |
| 100 | 1 | _aMcCoy, Bowen H. | |
| 245 | 0 | 4 |
_aThe dynamics of real estate capital markets _ba practitioner's perspective |
| 260 |
_aWashington, D.C. _cUrban Land Institute _c2006 |
||
| 300 |
_axii, 262p. _c26cm. |
||
| 350 | _a12.22 | ||
| 505 | 2 | _aOverview and thoughts on the future -- Real estate capital markets in the 1970s and 1980s: an emerging asset class; growing securitisation issues -- Real estate capital markets in the 1990s: evolving valuation methods and pricing issues; globalisation; turmoil and restructuring; changing tools and processes -- Real estate capital markets in the 2000s: investment as affected by 9/11; a maturing asset class -- Values-based leadership: character and personal responsibility; globalisation of business ethics; ethics and real estate | |
| 520 | _aThis collection of essays charts the dynamic changes in US real estate financing from the 1970s through to 2006. The essays cover a period of major changes in both Wall Street and real estate, and provide a commentary on how both institutions have fared. In addition to real estate capital markets, the text also looks at the role of ethics in real estate and business in general. | ||
| 651 | 4 |
_aUnited States _y1959- |
|
| 690 | _aPROPERTY-COMMERCIAL PROPERTY-COMMERCIAL PROPERTY FINANCE AND INVESTMENT | ||
| 942 | _n0 | ||
| 999 |
_c106977 _d106977 |
||